| 000 | 00430nam a2200121 a 4500 | ||
|---|---|---|---|
| 001 | 000039816 | ||
| 005 | 20201002033742.0 | ||
| 008 | 130723s1994 ag 000 0 spa d | ||
| 040 |
_aDO-SdBNP _dspa _cBNPHU |
||
| 245 | 0 | 0 |
_aContribución de la filosofía a la médicina : _bcomo superar los problemas psico-somaticos por si mismo. |
| 260 |
_aLa Plata, Argentina : _bAcademia Filosófica de la Plata, _c1994. |
||
| 300 |
_a69 p. ; _c20 cm. |
||
| 999 |
_c39306 _d39306 |
||